[Event "SV Kamen 1 - SV Königsspringer Hamm 1"]
[Site "NRW-Klasse - Gruppe 1 2021/20"]
[Date "2021.11.07"]
[Round "1.8"]
[White "Georg, Heinz"]
[Black "Sporkert, Corina"]
[Result "1-0"]
[WhiteElo "2080"]
[BlackElo "1909"]
[PlyCount "73"]
[EventDate "2021.??.??"]
[SourceVersionDate "2020.03.16"]
[WhiteTeam "SV Kamen 1"]
[BlackTeam "SV Königsspringer Hamm 1"]

1. e4 e5 2. Nf3 Nc6 3. Nc3 Bc5 4. Nxe5 Nxe5 5. d4 Bb4 6. dxe5 Bxc3+ 7. bxc3 Qe7
8. Qd4 b6 9. Qd5 Rb8 10. Bf4 Bb7 11. Qd4 Qe6 12. f3 Ne7 13. Bc4 Qg6 14. O-O-O
Bc6 15. g4 h5 16. Rhg1 h4 17. h3 a5 18. e6 fxe6 19. Bxc7 O-O 20. Bxb8 Rxb8 21.
Qd6 Re8 22. Rgf1 Qf6 23. Qd4 Qf4+ 24. Rd2 b5 25. Be2 Ng6 26. Qc5 Rb8 27. Qh5
Kf7 28. g5 Qe5 29. f4 Qxc3 30. Rd3 Qa1+ 31. Kd2 Qxa2 32. f5 Ke7 33. Qxg6 Qb2
34. fxe6 Kd8 35. exd7 Qb4+ 36. c3 Qc5 37. Qe8+ 1-0

[Event "SV Königsspringer Lemgo 1 - Herforder "]
[Site "NRW-Klasse - Gruppe 1 2021/20"]
[Date "2021.11.07"]
[Round "1.1"]
[White "Nordsieck, Thomas"]
[Black "Rapatinski, Konstantin"]
[Result "1/2-1/2"]
[WhiteElo "2255"]
[BlackElo "2132"]
[PlyCount "90"]
[EventDate "2021.??.??"]
[SourceVersionDate "2020.03.16"]
[WhiteTeam "Herforder SV Königsspringer 1"]
[BlackTeam "SV Königsspringer Lemgo 1"]

1. e4 e6 2. d4 d5 3. Nd2 c5 4. c3 cxd4 5. cxd4 dxe4 6. Nxe4 Nf6 7. Bd3 Nc6 8.
Nf3 Nb4 9. Bb1 Be7 10. O-O O-O 11. a3 Nbd5 12. Ne5 Nxe4 13. Bxe4 f5 14. Bf3 Bf6
15. Qb3 Qb6 16. Bxd5 exd5 17. Qxb6 axb6 18. f4 Be6 19. Be3 Rfc8 20. Rac1 Kf8
21. Kf2 Rxc1 22. Rxc1 Rc8 23. Rxc8+ Bxc8 24. Bd2 Ke7 25. Ke3 Bd7 26. Bb4+ Ke6
27. Bf8 Ba4 28. h4 Bxh4 29. Bxg7 Bc2 30. Nf3 Be7 31. Ng5+ Bxg5 32. fxg5 Be4 33.
g3 b5 34. Bf8 Bg2 35. Kd2 Kd7 36. Ke3 Kc6 37. Bg7 Bf1 38. Be5 Bg2 39. Bb8 Bf1
40. Kd2 Kd7 41. Ke1 Bc4 42. Kf2 Ke6 43. Kf3 Bb3 44. Ke3 Bc4 45. Be5 Bb3 1/2-1/2

[Event "SV Königsspringer Lemgo 1 - Herforder "]
[Site "NRW-Klasse - Gruppe 1 2021/20"]
[Date "2021.11.07"]
[Round "1.2"]
[White "Tuschinske, Matthias"]
[Black "Peist, Juergen"]
[Result "1/2-1/2"]
[WhiteElo "2086"]
[BlackElo "2332"]
[PlyCount "97"]
[EventDate "2021.??.??"]
[SourceVersionDate "2020.03.16"]
[WhiteTeam "SV Königsspringer Lemgo 1"]
[BlackTeam "Herforder SV Königsspringer 1"]

1. e4 c5 2. Nf3 e6 3. d4 cxd4 4. Nxd4 Nc6 5. Nc3 Qc7 6. Be3 a6 7. Be2 Nf6 8. a3
Be7 9. f4 d6 10. g4 b5 11. g5 Nd7 12. Nxc6 Qxc6 13. Qd4 O-O 14. h4 Bb7 15.
O-O-O Rfe8 16. Rh2 Nc5 17. e5 Rad8 18. h5 dxe5 19. Qxe5 Rxd1+ 20. Bxd1 Bd6 21.
Qd4 e5 22. Qd2 a5 23. fxe5 Bxe5 24. Bf4 b4 25. Bxe5 Rxe5 26. Re2 Rxe2 27. Bxe2
Ne6 28. axb4 axb4 29. Nb5 Qc5 30. g6 hxg6 31. hxg6 fxg6 32. b3 Bd5 33. Kb1 g5
34. Bd3 Nf4 35. Nd4 Bf7 36. Nf3 Bh5 37. Be4 Bxf3 38. Bxf3 Qe7 39. Qd4 g6 40.
Bg4 Kf7 41. Qc4+ Kg7 42. Qd4+ Kh7 43. Qc4 Nh5 44. Qd5 Ng3 45. Be6 Ne2 46. Qe5
Nc3+ 47. Kb2 Qa7 48. Qh2+ Kg7 49. Qe5+ 1/2-1/2

[Event "SV Königsspringer Lemgo 1 - Herforder "]
[Site "NRW-Klasse - Gruppe 1 2021/20"]
[Date "2021.11.07"]
[Round "1.3"]
[White "Loemker, Michael"]
[Black "Pajewski, Oliver"]
[Result "1-0"]
[WhiteElo "2083"]
[BlackElo "2002"]
[PlyCount "49"]
[EventDate "2021.??.??"]
[SourceVersionDate "2020.03.16"]
[WhiteTeam "Herforder SV Königsspringer 1"]
[BlackTeam "SV Königsspringer Lemgo 1"]

1. d4 b6 2. Nf3 Nf6 3. g3 Bb7 4. Bg2 e6 5. O-O Be7 6. c4 O-O 7. Qc2 Be4 8. Qd2
Nc6 9. Nc3 d5 10. Ne5 Na5 11. Nxe4 Nxe4 12. Qc2 f6 13. cxd5 exd5 14. Nc6 Nxc6
15. Qxc6 Qd6 16. Qc2 c5 17. dxc5 Qc6 18. Qb3 f5 19. cxb6 axb6 20. Be3 Bc5 21.
Rfd1 Rfd8 22. Bd4 Ra4 23. Bxe4 fxe4 24. Rac1 Ra7 25. Qc3 1-0

[Event "SV Königsspringer Lemgo 1 - Herforder "]
[Site "NRW-Klasse - Gruppe 1 2021/20"]
[Date "2021.11.07"]
[Round "1.4"]
[White "Jakubek, Leander"]
[Black "Quelle, Helmut"]
[Result "0-1"]
[WhiteElo "1879"]
[BlackElo "2021"]
[PlyCount "68"]
[EventDate "2021.??.??"]
[SourceVersionDate "2020.03.16"]
[WhiteTeam "SV Königsspringer Lemgo 1"]
[BlackTeam "Herforder SV Königsspringer 1"]

1. d4 Nf6 2. c4 g6 3. Nc3 Bg7 4. e4 d6 5. f3 O-O 6. Be3 a6 7. Qd2 c5 8. Nge2
Nc6 9. d5 Ne5 10. Ng3 h5 11. Be2 e6 12. a4 h4 13. Nf1 exd5 14. cxd5 Qa5 15. Qc1
Bd7 16. Nd2 c4 17. Nxc4 Nxc4 18. Bxc4 Rac8 19. Be2 Nh5 20. Bd2 Bd4 21. Qb1 Qc5
22. Nd1 f5 23. Bd3 fxe4 24. Bxe4 Bf5 25. Qd3 Bxe4 26. fxe4 Nf4 27. Bxf4 Rxf4
28. Rf1 Qb4+ 29. Ke2 Rxf1 30. Kxf1 Rf8+ 31. Ke2 Be5 32. h3 Rf4 33. Ke3 Qe1+ 34.
Qe2 Rxe4+ 0-1

[Event "SV Königsspringer Lemgo 1 - Herforder "]
[Site "NRW-Klasse - Gruppe 1 2021/20"]
[Date "2021.11.07"]
[Round "1.5"]
[White "Hanisch, Bernd"]
[Black "Kirchner, Karl-Heinz"]
[Result "1-0"]
[WhiteElo "1982"]
[BlackElo "1866"]
[PlyCount "73"]
[EventDate "2021.??.??"]
[SourceVersionDate "2020.03.16"]
[WhiteTeam "Herforder SV Königsspringer 1"]
[BlackTeam "SV Königsspringer Lemgo 1"]

1. c4 Nf6 2. Nc3 e6 3. e4 d5 4. e5 d4 5. exf6 dxc3 6. bxc3 Qxf6 7. d4 Bd6 8.
Nf3 h6 9. Bd3 Nd7 10. O-O O-O 11. c5 Be7 12. Qe2 Re8 13. Qe4 Nf8 14. Ne5 Qh4
15. f4 f5 16. Qe2 Bf6 17. g3 Qh3 18. Re1 Bxe5 19. Qxe5 Bd7 20. Bf1 Qg4 21. Bg2
c6 22. Rb1 Rab8 23. Rb2 h5 24. Rf2 Qg6 25. Bf3 Qf7 26. h3 g6 27. g4 hxg4 28.
hxg4 Qg7 29. Rh2 Qxe5 30. fxe5 Re7 31. Bh6 Rh7 32. Ree2 Re8 33. Reg2 Kf7 34.
Bd1 Bc8 35. Bb3 Nd7 36. gxf5 gxf5 37. Bd1 1-0

[Event "SV Königsspringer Lemgo 1 - Herforder "]
[Site "NRW-Klasse - Gruppe 1 2021/20"]
[Date "2021.11.07"]
[Round "1.6"]
[White "Lu, Trung Cang"]
[Black "Hiller, Stefan"]
[Result "1/2-1/2"]
[WhiteElo "1834"]
[BlackElo "1893"]
[PlyCount "25"]
[EventDate "2021.??.??"]
[SourceVersionDate "2020.03.16"]
[WhiteTeam "SV Königsspringer Lemgo 1"]
[BlackTeam "Herforder SV Königsspringer 1"]

1. e4 g6 2. d4 Bg7 3. Nc3 c5 4. dxc5 Bxc3+ 5. bxc3 Qa5 6. Ne2 Nf6 7. f3 Qxc5 8.
Bh6 Rg8 9. h4 Nc6 10. Qd2 d5 11. Nd4 dxe4 12. Nb5 Nd8 13. Be3 1/2-1/2

[Event "SV Königsspringer Lemgo 1 - Herforder "]
[Site "NRW-Klasse - Gruppe 1 2021/20"]
[Date "2021.11.07"]
[Round "1.7"]
[White "Heuermann, Heinz-Burkhard"]
[Black "Pozo Campos, Francisco"]
[Result "1-0"]
[WhiteElo "1755"]
[BlackElo "1870"]
[PlyCount "71"]
[EventDate "2021.??.??"]
[SourceVersionDate "2020.03.16"]
[WhiteTeam "Herforder SV Königsspringer 1"]
[BlackTeam "SV Königsspringer Lemgo 1"]

1. c4 e5 2. Nc3 Nf6 3. g3 Nc6 4. Bg2 Bb4 5. Nd5 Nxd5 6. cxd5 Ne7 7. Nf3 Bd6 8.
e4 O-O 9. O-O c6 10. d4 exd4 11. e5 Bc5 12. d6 Nd5 13. Nxd4 Bxd4 14. Qxd4 Qb6
15. Qg4 f5 16. Qc4 Kh8 17. Bxd5 cxd5 18. Qxd5 Qc6 19. Qxc6 bxc6 20. Bg5 Rb8 21.
b3 h6 22. Be7 Rf7 23. Rfd1 Rb7 24. Rd2 f4 25. Rad1 fxg3 26. hxg3 Rf5 27. f4 Kg8
28. Rd4 h5 29. Kg2 Kf7 30. Kf3 Rb5 31. Ke3 Ke6 32. Rg1 Rf7 33. g4 hxg4 34. Rxg4
Bb7 35. Rd1 c5 36. Rg6+ 1-0

[Event "SV Königsspringer Lemgo 1 - Herforder "]
[Site "NRW-Klasse - Gruppe 1 2021/20"]
[Date "2021.11.07"]
[Round "1.8"]
[White "Jost, Jan-Timo"]
[Black "Bellers, Frank"]
[Result "0-1"]
[WhiteElo "1601"]
[BlackElo "2197"]
[PlyCount "80"]
[EventDate "2021.??.??"]
[SourceVersionDate "2020.03.16"]
[WhiteTeam "SV Königsspringer Lemgo 1"]
[BlackTeam "Herforder SV Königsspringer 1"]

1. d4 g6 2. Nf3 Bg7 3. g3 f6 4. Bg2 Nh6 5. O-O O-O 6. e4 Nf7 7. Be3 b6 8. Nbd2
Bb7 9. c3 d5 10. exd5 Bxd5 11. Qc2 Qc8 12. Rfe1 e6 13. Rad1 a5 14. c4 Bc6 15.
Nh4 Rd8 16. Bxc6 Nxc6 17. Ndf3 Qb7 18. Qe2 a4 19. Ng2 e5 20. d5 Ne7 21. Bd2 b5
22. b3 Nd6 23. Bb4 bxc4 24. Bxd6 cxd6 25. bxc4 Nf5 26. Ne3 Nxe3 27. Qxe3 Rdc8
28. Qa3 Qa6 29. Rc1 Bf8 30. Qd3 Rc7 31. Rc3 Rac8 32. Rec1 Bh6 33. R1c2 f5 34.
Qe2 Qa7 35. h4 Rc5 36. Kh2 Qe7 37. Kg2 Qf6 38. Ne1 e4 39. f3 Qd4 40. fxe4 fxe4
0-1

[Event "Schach Nienberge 1 - SK Münster 3"]
[Site "NRW-Klasse - Gruppe 1 2021/20"]
[Date "2021.11.07"]
[Round "1.1"]
[White "Korth, Daniel"]
[Black "Mikeladze, Berdia"]
[Result "1-0"]
[WhiteElo "2154"]
[BlackElo "2381"]
[PlyCount "133"]
[EventDate "2021.??.??"]
[SourceVersionDate "2020.03.16"]
[WhiteTeam "SK Münster 3"]
[BlackTeam "Schach Nienberge 1"]

1. d4 Nf6 2. c4 e6 3. g3 Bb4+ 4. Bd2 Be7 5. Bg2 d5 6. Nf3 O-O 7. Qc2 Nbd7 8.
O-O Rb8 9. cxd5 exd5 10. Bf4 Bd6 11. Bxd6 cxd6 12. Nfd2 Nb6 13. b3 Re8 14. Nc3
Be6 15. a4 Rc8 16. Qb2 a6 17. Rfc1 Rc6 18. e3 Nc8 19. Ne2 Ne7 20. b4 Qb6 21. a5
Qc7 22. b5 Rxc1+ 23. Qxc1 Qd7 24. Nc3 Rc8 25. Qb2 Bf5 26. bxa6 bxa6 27. Na4 Rc2
28. Qb8+ Qe8 29. Qxe8+ Nxe8 30. Nb3 Bd3 31. Nb6 Bc4 32. Nc1 Nc7 33. e4 Nb5 34.
exd5 Nxd4 35. Nxc4 Rxc4 36. Bf1 Rc7 37. Bxa6 Nxd5 38. Ne2 Nb3 39. Rb1 Nb4 40.
Bb5 Nxa5 41. Rxb4 g6 42. Nd4 Kf8 43. Kg2 Nb7 44. Rc4 Rxc4 45. Bxc4 Ke7 46. Kf3
Nc5 47. Ke3 f5 48. Nb5 h6 49. f3 Nd7 50. f4 Nf6 51. Be2 Nd7 52. Kd4 Nf6 53. Bf3
Kd7 54. Nc3 Ke6 55. Nd5 Nd7 56. Be2 Nc5 57. Bc4 Kf7 58. Nc3+ Ke7 59. Kd5 Nd7
60. Kc6 Nc5 61. Nd5+ Ke6 62. Nb6+ Ke7 63. Nc8+ Kf6 64. Nxd6 Na4 65. Ne8+ Ke7
66. Nc7 Nb2 67. Be2 1-0

[Event "Schach Nienberge 1 - SK Münster 3"]
[Site "NRW-Klasse - Gruppe 1 2021/20"]
[Date "2021.11.07"]
[Round "1.2"]
[White "Remmeke, Hans"]
[Black "Seegers, Hendrik"]
[Result "1/2-1/2"]
[WhiteElo "2112"]
[BlackElo "2088"]
[PlyCount "27"]
[EventDate "2021.??.??"]
[SourceVersionDate "2020.03.16"]
[WhiteTeam "Schach Nienberge 1"]
[BlackTeam "SK Münster 3"]

1. d4 {[%emt 0:00:00]} d5 2. c4 e6 3. Nc3 c6 4. e4 dxe4 5. Nxe4 Nd7 6. Nf3 Ngf6
7. Bd3 Nxe4 8. Bxe4 Nf6 9. Bd3 c5 10. dxc5 Bxc5 11. O-O O-O 12. Qc2 h6 13. Bf4
Qe7 14. Rfe1 1/2-1/2

[Event "Schach Nienberge 1 - SK Münster 3"]
[Site "NRW-Klasse - Gruppe 1 2021/20"]
[Date "2021.11.07"]
[Round "1.3"]
[White "Wieder, Heiner"]
[Black "Gottkehaskamp, Philipp"]
[Result "1/2-1/2"]
[WhiteElo "2028"]
[BlackElo "2076"]
[PlyCount "122"]
[EventDate "2021.??.??"]
[SourceVersionDate "2020.03.16"]
[WhiteTeam "SK Münster 3"]
[BlackTeam "Schach Nienberge 1"]

1. e4 Nf6 2. e5 Nd5 3. d4 d6 4. Nf3 dxe5 5. Nxe5 c6 6. Be2 Nd7 7. Nf3 N7f6 8.
c4 Nb6 9. O-O Bg4 10. b3 e6 11. Bb2 Be7 12. a4 a5 13. Nc3 O-O 14. Ne5 Bxe2 15.
Qxe2 Nbd7 16. Rad1 Re8 17. Rd3 Qc7 18. Rfd1 Rad8 19. f4 Qb6 20. Kh1 Bf8 21. Qc2
Nb8 22. Rh3 g6 23. Ne4 Nxe4 24. Qxe4 Nd7 25. Nxf7 Nf6 26. Qe5 Rd7 27. Qxf6 Rxf7
28. Qe5 Bg7 29. Qe4 Qc7 30. Bc1 Qd7 31. Rhd3 Bh6 32. g3 Bg7 33. Bd2 e5 34. dxe5
Qg4 35. Bxa5 Rxe5 36. Rd8+ Rf8 37. Rxf8+ Bxf8 38. Qxe5 Qf3+ 39. Kg1 Qxd1+ 40.
Kg2 Qxb3 41. Qe6+ Kg7 42. Bc7 Qc2+ 43. Kh3 Qd3 44. Be5+ Kh6 45. Qf6 Qf5+ 46.
Qxf5 gxf5 47. g4 Kg6 48. Kg3 fxg4 49. Kxg4 h5+ 50. Kf3 Kf5 51. Bc7 Be7 52. h3
Bh4 53. Ke3 Bg3 54. a5 Bh4 55. Bd6 Be1 56. Bc7 Bh4 57. Kd4 Bf2+ 58. Kc3 Be1+
59. Kb3 Ke4 60. Ka4 Bd2 61. Kb3 Be1 1/2-1/2

[Event "Schach Nienberge 1 - SK Münster 3"]
[Site "NRW-Klasse - Gruppe 1 2021/20"]
[Date "2021.11.07"]
[Round "1.4"]
[White "Ringwelski, Marius"]
[Black "Baumann, Stephan"]
[Result "1/2-1/2"]
[WhiteElo "1992"]
[BlackElo "1997"]
[PlyCount "155"]
[EventDate "2021.??.??"]
[SourceVersionDate "2020.03.16"]
[WhiteTeam "Schach Nienberge 1"]
[BlackTeam "SK Münster 3"]

1. d4 Nf6 2. c4 e5 3. dxe5 Ng4 4. e3 Nxe5 5. Nh3 Bc5 6. Nf4 O-O 7. Be2 Re8 8.
O-O a5 9. Nc3 Ra6 10. Ne4 Ba7 11. Ng3 Rae6 12. Qc2 Nbc6 13. a3 Ne7 14. Bd2 Rh6
15. Bxa5 d6 16. Bc3 N7g6 17. Nf5 Bxf5 18. Qxf5 Nh4 19. Qc2 Qg5 20. Kh1 Neg6 21.
g3 Nf5 22. Rg1 Bxe3 23. Bd3 Bxf4 24. Bxf5 Qh5 25. Rg2 Re2 26. Bxg6 hxg6 27. Qd3
Bxg3 28. Qxg3 Qf5 29. Rag1 Re4 30. f3 Rxc4 31. Re1 Rh3 32. Re8+ Kh7 33. Qe1
Qxf3 34. Qe2 Qd5 35. Re3 Rh5 36. Qf3 Qxf3 37. Rxf3 f6 38. Rfg3 g5 39. Re3 Kg6
40. Re7 Rhh4 41. Rge2 d5 42. Be1 Rhg4 43. Bg3 Rc1+ 44. Kg2 Rgc4 45. Rd7 d4 46.
Kf2 b6 47. Rd2 c5 48. Rb7 f5 49. Rxb6+ Kh5 50. Be5 Kg4 51. Rg6 R4c2 52. Ke2 f4
53. Rxc2 Rxc2+ 54. Kd3 Rxb2 55. Rxg7 Rb3+ 56. Kc4 Rc3+ 57. Kd5 Rxa3 58. Kxc5 d3
59. Rd7 Kf5 60. Kb4 Ra2 61. Bg7 Ke4 62. Kc3 Rc2+ 63. Kb3 Rxh2 64. Re7+ Kf3 65.
Kc3 d2 66. Rd7 g4 67. Rd3+ Ke4 68. Rxd2 g3 69. Rd6 f3 70. Bd4 Rh7 71. Re6+ Kf4
72. Kd3 Rd7 73. Re4+ Kf5 74. Ke3 f2 75. Rf4+ Kg5 76. Bf6+ Kg6 77. Ke2 Rb7 78.
Rg4+ 1/2-1/2

[Event "Schach Nienberge 1 - SK Münster 3"]
[Site "NRW-Klasse - Gruppe 1 2021/20"]
[Date "2021.11.07"]
[Round "1.5"]
[White "Kaufhold, Thomas"]
[Black "Gottkehaskamp, Stefan"]
[Result "1-0"]
[WhiteElo "2014"]
[BlackElo "2023"]
[PlyCount "49"]
[EventDate "2021.??.??"]
[SourceVersionDate "2020.03.16"]
[WhiteTeam "SK Münster 3"]
[BlackTeam "Schach Nienberge 1"]

1. d4 Nf6 2. c4 g6 3. Nc3 Bg7 4. e4 d6 5. f3 O-O 6. Be3 Nc6 7. Qd2 a6 8. Nge2
Rb8 9. Nc1 e5 10. d5 Nd4 11. Nb3 c5 12. dxc6 Nxb3 13. c7 Qxc7 14. axb3 Be6 15.
Be2 Nh5 16. O-O Nf4 17. Rfd1 Nxe2+ 18. Qxe2 f5 19. Nd5 Bxd5 20. Rxd5 f4 21. Bf2
Rfc8 22. Rad1 Bf8 23. c5 dxc5 24. Rd7 Qc6 25. Qc4+ 1-0

[Event "Schach Nienberge 1 - SK Münster 3"]
[Site "NRW-Klasse - Gruppe 1 2021/20"]
[Date "2021.11.07"]
[Round "1.6"]
[White "Kemper, Georg"]
[Black "Ollech, Dirk"]
[Result "0-1"]
[WhiteElo "1975"]
[BlackElo "1846"]
[PlyCount "82"]
[EventDate "2021.??.??"]
[SourceVersionDate "2020.03.16"]
[WhiteTeam "Schach Nienberge 1"]
[BlackTeam "SK Münster 3"]

1. d4 Nf6 2. c4 g6 3. f3 Bg7 4. e4 d6 5. Bd3 e5 6. Be3 exd4 7. Bxd4 Nc6 8. Bc3
O-O 9. Ne2 Ne5 10. O-O c6 11. b3 Qc7 12. Bc2 d5 13. cxd5 cxd5 14. exd5 Qc5+ 15.
Bd4 Qxd5 16. Nbc3 Qd6 17. Nb5 Qe7 18. Nxa7 Rd8 19. Nb5 Nc6 20. Qe1 Nxd4 21.
Nexd4 Qc5 22. Qf2 Nd5 23. Be4 Nc3 24. Rac1 Bxd4 25. Nxd4 Qxd4 26. Qxd4 Ne2+ 27.
Kh1 Nxd4 28. h3 Ne2 29. Rfd1 Rxd1+ 30. Rxd1 Ng3+ 31. Kh2 Nxe4 32. Rd8+ Kg7 33.
fxe4 b5 34. Kg3 Bb7 35. Rxa8 Bxa8 36. Kf4 Kf6 37. g3 h6 38. e5+ Ke6 39. h4 h5
40. a4 b4 41. a5 Bb7 0-1

[Event "Schach Nienberge 1 - SK Münster 3"]
[Site "NRW-Klasse - Gruppe 1 2021/20"]
[Date "2021.11.07"]
[Round "1.7"]
[White "Wingenfeld, Klaus"]
[Black "Keller, Dirk"]
[Result "1/2-1/2"]
[WhiteElo "1877"]
[BlackElo "1919"]
[PlyCount "24"]
[EventDate "2021.??.??"]
[SourceVersionDate "2020.03.16"]
[WhiteTeam "SK Münster 3"]
[BlackTeam "Schach Nienberge 1"]

1. d4 c5 2. c3 Nf6 3. Bf4 b6 4. e3 Bb7 5. Nf3 d6 6. Nbd2 g6 7. Bd3 Bg7 8. h3
O-O 9. O-O Nbd7 10. e4 cxd4 11. cxd4 e5 12. Bh2 Qe7 1/2-1/2

[Event "Schach Nienberge 1 - SK Münster 3"]
[Site "NRW-Klasse - Gruppe 1 2021/20"]
[Date "2021.11.07"]
[Round "1.8"]
[White "Wetterau, Georg"]
[Black "Meyer, Ulrich"]
[Result "1/2-1/2"]
[WhiteElo "1819"]
[BlackElo "1846"]
[PlyCount "51"]
[EventDate "2021.??.??"]
[SourceVersionDate "2020.03.16"]
[WhiteTeam "Schach Nienberge 1"]
[BlackTeam "SK Münster 3"]

1. e4 c5 2. Nf3 Nc6 3. d3 e5 4. g3 d6 5. Bg2 Be7 6. O-O h6 7. h3 Be6 8. c3 Qd7
9. Kh2 g5 10. d4 cxd4 11. cxd4 Nxd4 12. Nxd4 exd4 13. Qxd4 Bf6 14. Qe3 Ne7 15.
Nc3 O-O 16. Qf3 Bg7 17. g4 Be5+ 18. Kg1 Ng6 19. Nd5 Bxd5 20. exd5 f5 21. Qd3
Nh4 22. f4 gxf4 23. Bxf4 Qg7 24. Bxe5 dxe5 25. Qg3 Nxg2 26. Qxg2 1/2-1/2

[Event "Gütersloher SV 1 - Herforder SV König"]
[Site "NRW-Klasse - Gruppe 1 2021/20"]
[Date "2021.12.05"]
[Round "2.1"]
[White "Peist, Juergen"]
[Black "Plaßmann, Dominik"]
[Result "1/2-1/2"]
[WhiteElo "2335"]
[BlackElo "2129"]
[PlyCount "73"]
[EventDate "2021.??.??"]
[SourceVersionDate "2020.03.16"]
[WhiteTeam "Herforder SV Königsspringer 1"]
[BlackTeam "Gütersloher SV 1"]

1. d4 f5 2. g3 Nf6 3. Bg2 e6 4. c4 c6 5. Nh3 d5 6. O-O Be7 7. Nd2 O-O 8. Qc2 b6
9. Nf3 Re8 10. Nf4 Bf8 11. Rd1 Bb7 12. b3 Ne4 13. Bb2 Nd7 14. Rac1 Rc8 15. e3
Qf6 16. Nd3 Qh6 17. Nfe5 Nxe5 18. Nxe5 Bd6 19. Nd3 Kh8 20. c5 Bb8 21. a4 Qh5
22. Nf4 Bxf4 23. exf4 Ba6 24. Re1 Qf7 25. Ba3 Qb7 26. Re3 Kg8 27. Rce1 Kf7 28.
Bf3 b5 29. a5 Qc7 30. Bb4 Re7 31. Be2 Rce8 32. Bh5+ g6 33. Bd1 h5 34. f3 Nf6
35. Qg2 Bc8 36. Bc2 Rh8 37. h4 1/2-1/2

[Event "Gütersloher SV 1 - Herforder SV König"]
[Site "NRW-Klasse - Gruppe 1 2021/20"]
[Date "2021.12.05"]
[Round "2.2"]
[White "Janyska, Dennis"]
[Black "Loemker, Michael"]
[Result "0-1"]
[WhiteElo "2059"]
[BlackElo "2083"]
[PlyCount "120"]
[EventDate "2021.??.??"]
[SourceVersionDate "2020.03.16"]
[WhiteTeam "Gütersloher SV 1"]
[BlackTeam "Herforder SV Königsspringer 1"]

1. d4 g6 2. e4 Bg7 3. Nc3 d6 4. Bg5 c6 5. Qd2 b5 6. Nf3 Nf6 7. Bd3 O-O 8. Bh6
Bg4 9. h4 Bxf3 10. gxf3 e5 11. dxe5 dxe5 12. O-O-O Nh5 13. Ne2 Qf6 14. Bxg7
Kxg7 15. Qe3 Na6 16. Ng3 Nf4 17. Rdg1 Kh8 18. Ne2 Rfd8 19. Nxf4 exf4 20. Qe2
Nb4 21. h5 Nxd3+ 22. cxd3 g5 23. Qc2 h6 24. Rd1 Rd4 25. Qc5 Rad8 26. Kc2 a5 27.
Rd2 Qe6 28. b3 f6 29. Qf5 Qxf5 30. exf5 Re8 31. Kd1 Rd5 32. Re1 Rxe1+ 33. Kxe1
Rxf5 34. d4 Rd5 35. Re2 Rxd4 36. Re6 Kg7 37. Rxc6 a4 38. Rc7+ Kg8 39. Rc6 axb3
40. axb3 Kf7 41. Rc7+ Ke6 42. Rc6+ Ke5 43. Rc5+ Rd5 44. Rc8 Kf5 45. Rc6 g4 46.
fxg4+ Kxg4 47. Rxf6 Rxh5 48. Re6 Kf3 49. Rf6 Re5+ 50. Kf1 h5 51. b4 Re4 52. Rf5
Rxb4 53. Kg1 h4 54. Rh5 Rb1+ 55. Kh2 Kxf2 56. Rxh4 f3 57. Re4 b4 58. Re8 b3 59.
Re4 Re1 60. Rb4 Re3 0-1

[Event "Gütersloher SV 1 - Herforder SV König"]
[Site "NRW-Klasse - Gruppe 1 2021/20"]
[Date "2021.12.05"]
[Round "2.3"]
[White "Quelle, Helmut"]
[Black "Asani, Baskim"]
[Result "1-0"]
[WhiteElo "2021"]
[BlackElo "1961"]
[PlyCount "53"]
[EventDate "2021.??.??"]
[SourceVersionDate "2020.03.16"]
[WhiteTeam "Herforder SV Königsspringer 1"]
[BlackTeam "Gütersloher SV 1"]

1. Nf3 e6 2. g3 f5 3. Bg2 Nf6 4. c4 Be7 5. Nc3 d6 6. O-O e5 7. d4 e4 8. Ng5 O-O
9. f3 h6 10. Nh3 exf3 11. Bxf3 g5 12. Nf2 Nbd7 13. e4 c5 14. exf5 cxd4 15. Nd5
Ne5 16. Nxf6+ Bxf6 17. Bd5+ Kg7 18. Ne4 Qb6 19. Kg2 Bd7 20. b3 Rae8 21. Bb2
Nxc4 22. bxc4 Qxb2+ 23. Rf2 Qa3 24. Qh5 Bxf5 25. Nxf6 Re5 26. Ng4 Be4+ 27. Kg1
1-0

[Event "Gütersloher SV 1 - Herforder SV König"]
[Site "NRW-Klasse - Gruppe 1 2021/20"]
[Date "2021.12.05"]
[Round "2.4"]
[White "Wulfhorst, Noah"]
[Black "Hanisch, Bernd"]
[Result "1/2-1/2"]
[WhiteElo "1973"]
[BlackElo "1982"]
[PlyCount "120"]
[EventDate "2021.??.??"]
[SourceVersionDate "2020.03.16"]
[WhiteTeam "Gütersloher SV 1"]
[BlackTeam "Herforder SV Königsspringer 1"]

1. c4 e6 2. g3 Nf6 3. Bg2 d5 4. Nf3 Be7 5. b3 O-O 6. Bb2 c5 7. cxd5 exd5 8. O-O
Nc6 9. d4 Be6 10. Nc3 Rc8 11. Rc1 Re8 12. dxc5 Bxc5 13. Na4 Bf8 14. Nc5 b6 15.
Nxe6 fxe6 16. Bh3 Ne4 17. a3 Ng5 18. Nxg5 Qxg5 19. Qd3 Qh5 20. Bg2 Na5 21. e4
Qg6 22. Qb5 dxe4 23. b4 Nb7 24. Qe5 Nd6 25. Rxc8 Rxc8 26. Bh3 Re8 27. Rc1 e3
28. Qxe3 b5 29. Bf1 a6 30. Rc6 Qb1 31. Bc1 Nc4 32. Bxc4 bxc4 33. Rxc4 Kh8 34.
Kg2 Qf5 35. Rf4 Qg6 36. Bb2 Be7 37. Qe2 e5 38. Rg4 Qc6+ 39. Qe4 Qd7 40. h3 Bf6
41. Qe2 Qd5+ 42. Re4 h6 43. Kh2 Rc8 44. Bxe5 Re8 45. f4 Qc6 46. Re3 Qc1 47. Qe1
Qc2+ 48. Kg1 Rd8 49. Rc3 Qf5 50. Bxf6 Qxf6 51. Re3 Qd4 52. Kf1 Qd7 53. Kg2 Qd5+
54. Kh2 Qc6 55. Re2 Kg8 56. Rd2 Re8 57. Qd1 Qf6 58. Rd3 Qb2+ 59. Kg1 Qf6 60.
Rd6 Qc3 1/2-1/2

[Event "Gütersloher SV 1 - Herforder SV König"]
[Site "NRW-Klasse - Gruppe 1 2021/20"]
[Date "2021.12.05"]
[Round "2.5"]
[White "Hiller, Stefan"]
[Black "Lueckner, Andreas"]
[Result "1/2-1/2"]
[WhiteElo "1893"]
[BlackElo "1941"]
[PlyCount "39"]
[EventDate "2021.??.??"]
[SourceVersionDate "2020.03.16"]
[WhiteTeam "Herforder SV Königsspringer 1"]
[BlackTeam "Gütersloher SV 1"]

1. e4 c5 2. Nc3 e6 3. Bc4 Nc6 4. Nf3 Nf6 5. Qe2 d6 6. Bb5 Bd7 7. e5 Nxe5 8.
Nxe5 dxe5 9. Qxe5 Be7 10. O-O O-O 11. d3 Bxb5 12. Nxb5 Qd7 13. Nc3 Rfd8 14. Be3
Rac8 15. a4 h6 16. Qg3 Bd6 17. Qh4 Be7 18. Qg3 Bd6 19. Qh4 Be7 20. Qg3 1/2-1/2

[Event "Gütersloher SV 1 - Herforder SV König"]
[Site "NRW-Klasse - Gruppe 1 2021/20"]
[Date "2021.12.05"]
[Round "2.6"]
[White "Grochtmann, Stephan"]
[Black "Klemme, Thomas"]
[Result "0-1"]
[WhiteElo "2007"]
[BlackElo "1856"]
[PlyCount "110"]
[EventDate "2021.??.??"]
[SourceVersionDate "2020.03.16"]
[WhiteTeam "Gütersloher SV 1"]
[BlackTeam "Herforder SV Königsspringer 1"]

1. e4 e5 2. Bc4 Nc6 3. Nc3 Nf6 4. d3 Bc5 5. Nf3 d6 6. Bg5 h6 7. Bxf6 Qxf6 8.
Nd5 Qd8 9. c3 Ne7 10. b4 Bb6 11. a4 c6 12. Nxe7 Qxe7 13. a5 Bc7 14. h3 O-O 15.
Qb3 b5 16. axb6 Bxb6 17. O-O Kh8 18. d4 exd4 19. cxd4 Qxe4 20. Rfe1 Qf4 21. d5
Qg3 22. Nd4 Qxb3 23. Nxb3 cxd5 24. Bxd5 Rb8 25. Na5 Be6 26. Rad1 Rbc8 27. Re2
Rfe8 28. Nc4 Bxd5 29. Nxb6 axb6 30. Rxe8+ Rxe8 31. Rxd5 Re6 32. Rb5 d5 33. Rxd5
Kh7 34. g4 Kg6 35. Kg2 Kf6 36. Kg3 Re5 37. Rd6+ Re6 38. Rd7 Re7 39. Rd3 Re4 40.
Rd6+ Re6 41. Rd5 Re5 42. Rd4 Ke6 43. h4 Rd5 44. Re4+ Kd6 45. Kf3 g6 46. Kf4 f5
47. Rc4 b5 48. Rc5 Rxc5 49. bxc5+ Kxc5 50. gxf5 gxf5 51. Kxf5 Kd5 52. f4 b4 53.
Kg6 b3 54. f5 b2 55. f6 b1=Q+ 0-1